000 00465nam a2200169Ia 4500
008 230718s9999 xx 000 0 und d
020 _a9788126549221
041 _aeng
082 _a005.8
_bDRA
100 _aDrake J.J.
245 _aAndroid Hacker's Handbook
260 _c2014
_bWiley
300 _a545
365 _cRs.
_b799.00
700 _aDrake J.J.; Fora P.O.; Lanier Z. & Mulliner C.
906 _dO:0494508-Feb-2016B:SE/SI/257929-Oct-2015
_cIT
_b671.16
999 _c341664
_d341664